Surreal Numbers /

Saved in:
Bibliographic Details
Main Author: Knuth, D.E (Author)
Format: Book
Language:English
Published: Massachusetts: Addison-Wesley Publishing Company, 1974
Edition:1. vyd
Tags: Add Tag
No Tags, Be the first to tag this record!

MARC

LEADER 00000nam a22000003a 4500
001 0016621
003 SK-STU
005 20160823105948.9
007 ta
008 160823s ----xo-----e------000-0-----d
020 |a 0-201-03812-9 
040 |a STU  |b slo 
041 0 |a eng 
100 1 |a Knuth, D.E  |4 aut 
245 1 0 |a Surreal Numbers /  |c aut. D.E Knuth 
250 |a 1. vyd 
260 |a Massachusetts:  |b Addison-Wesley Publishing Company,  |c 1974 
300 |a 119 s. 
996 |b 284ID00177  |c I*8M7952  |l I  |s A  |a 24  |w 0016621_0001